000 00640nam a22002297a 4500
003 UA-OsUOA
001 84623
007 ta
008 20120606b un ||||| |||| 00| 0 ukr d
100 _aЕвентуальний І.
090 _a821.161.2
_bЕ16
942 _cBK
040 _aUA-OsUOA
_bukr
_cUA-OsUOA
_dUA-OsUOA
245 _aПроти шерсти
_bсатири, гуморески, пародії
300 _a208 с.
955 _a3
041 _aukr
080 _a821.161.2
260 _aБуенос-Айрес
_c1962
650 7 _a82 Література. Літературознавство
_2UDC
999 _c370934
_d370934